|
|
|
|
| LEADER |
00000nab a2200000 a 4500 |
| 001 |
vtls000789725 |
| 003 |
SK-MaSNL |
| 005 |
20260303191112.0 |
| 008 |
180205c2002 xo 0 slo |
| 015 |
|
|
|a SNBRB2002/04-12214
|
| 035 |
|
|
|a CLN000141380
|
| 040 |
|
|
|a SNKBUCL
|b slo
|c SNKBUCL
|e AACR2
|
| 041 |
0 |
|
|a slo
|
| 044 |
|
|
|a xo
|c SK
|
| 080 |
|
|
|a 327(4):327.51(100)
|2 UDC-MRF-SK2
|
| 080 |
|
|
|a 327.51(100):061.3
|2 UDC-MRF-SK2
|
| 100 |
1 |
|
|a Kostolný, Matúš,
|d 1975-
|4 aut
|9 17275
|
| 245 |
1 |
0 |
|a NATO sa v Prahe chystá na veľký tresk
|b medzi vážnych kandidátov na vstup sa po ...
|c Matúš Kostolný
|
| 300 |
|
|
|b Fotogr.
|
| 610 |
|
7 |
|a NATO
|x krajiny kandidátske
|y marec 2002
|2 snkbucl
|9 1220192
|
| 655 |
|
7 |
|a články z novín a časopisov
|2 snkbucl
|9 267496
|
| 773 |
0 |
|
|t Sme
|g Roč. 10, č. 73 (27.3.2002), s. 10
|
| 850 |
|
|
|a Slovenská národná knižnica v Martine
|
| 852 |
|
|
|a SNK
|b KIS3GCP
|
| 958 |
|
|
|a RBX
|
| 999 |
|
|
|c 2139403
|d 2141333
|